|
|
|
|
| LEADER |
00000nab a2200000 a 4500 |
| 001 |
vtls000276553 |
| 003 |
SK-MaSNL |
| 005 |
20260305001952.0 |
| 008 |
240311c1987 xo 0 slo |
| 015 |
|
|
|a SNBRB19rr/mm-uuuuu
|
| 035 |
|
|
|a CL0286667
|
| 040 |
|
|
|a SNKBUCL
|b slo
|c SNKBUCL
|e AACR2
|
| 041 |
0 |
|
|a slo
|
| 044 |
|
|
|a xo
|c SK
|
| 080 |
|
|
|a 884-1(087.5)
|2 1981
|
| 100 |
1 |
|
|a Kern, Ludwik Jerzy,
|d 1920-2010
|4 aut
|9 228728
|
| 245 |
1 |
0 |
|a Chúďa, mama moja. Šiel kohút čižmy kúpiť... Letná adresa
|c Ludwík Jerzy Kern ; Daniel Hevier, Tamara Kolenčíková
|
| 500 |
|
|
|a V rubrike Písmenkové prechádzky.
|
| 650 |
0 |
7 |
|a rečňovanky
|2 snkbucl
|9 278360
|
| 650 |
0 |
7 |
|a básne humoristické
|2 snkbucl
|9 893934
|
| 655 |
|
7 |
|a články z novín a časopisov
|2 snkbucl
|9 267496
|
| 655 |
|
7 |
|a články z odboru literárna veda a krásna literatúra
|2 snkbucl
|9 770045
|
| 700 |
1 |
|
|a Hevier, Daniel,
|d 1955-
|4 trl
|9 103400
|
| 700 |
1 |
|
|a Kolenčíková, Tamara,
|d 1955-
|4 gup
|9 242612
|
| 773 |
0 |
|
|t Ohník
|g Roč. 39, č. 18 (1986/1987), s. 12
|
| 850 |
|
|
|a Slovenská národná knižnica v Martine
|a MTA001
|
| 852 |
|
|
|a SNK
|b KIS3GCP
|
| 958 |
|
|
|a RK
|
| 958 |
|
|
|a LX
|
| 958 |
|
|
|a PL
|
| 992 |
|
|
|a RBX
|
| 999 |
|
|
|c 3222935
|d 3224865
|